00644nam a2200193Ia 4500003000900000008004100009040001600050080001300066245011100079260004200190300001600232650001700248650001900265650001800284700002800302942000700330999001500337952009800352IN-BaIIA211028s9999 xx 000 0 eng d cIIA Library a796bARL 4aThe oxford companion to sports and gamescedited by John Arlott  aLondonbOxford University Pressc1976 avii, 1010p. aGames913091 aNASA Thesaurus aSports913092 aArlott, John. ed913093 cBK c7748d7748 00104070aBANbBANcGENd1983-08-30l0o796/ ARLp8564r2021-11-05w1983-08-30yBKG£ 3.25